000 00837nam a22002177a 4500
999 _c18865
_d18865
003 AR-CdUCM
008 190515b ||||| |||| 00| 0 spa d
040 _aMUNICIPALIDAD PROVINCIAL DEL CUSCO
_cBIBLIOTECA MUNICIPAL DEL CUSCO
082 _a657 /
_bM33
100 _aMcFarland. Walter B.
_939744
245 _aPrincipios prácticos de la contabilidad de gestión /
260 _aMadrid :
_bIbérico europea de ediciones,
_c1972.
300 _a217 páginas ;
_c22 cm.
505 _aContenido : Introducción -- La planificación de los beneficios de los proyectos de inversión -- La planificación de beneficios por productos y mercados ...
650 _aContabilidad
_910543
650 _aGestión
_922604
650 _aPlanificación
_96254
710 _aSERCOMAR
_939745
942 _2ddc
_cLIBROS
945 _arah
_d2019/05/15